000 00585nam a2200169 i 4500
001 140948
003 ES-MaACL
007 t|
008 070918s1954 sp ||||1| spa d
100 1 _aWerner, Paul.
_9116507
245 1 0 _aOperaciones ginecológicas mediante celiotomia vaginal /
_cPaul Werner y J, Sederl ; traducción del alemán por José Población del Castillo.
260 _aMadrid :
_bAlhambra,
_c1954.
300 _a68 p., 120 lám. ;
_c25 cm.
700 1 _aSederl, J.
_9105067
700 1 _aPoblación del Castillo, José.
_992685
852 _aES-MaACL
_jC-7979
_bR.36209
999 _c140948
_d140948